000 00355nam a2200157 4500
008 190603s2010||||CZ d
245 1 0 _aKlĂșc
260 _c2010
_bOTTOVO NAKLADATELSTVI
_aPraha
020 _a9788073609306
_c0
041 1 _aslo
044 _aCZ
100 1 _aVitale Joe
_91120
250 _a1.vydanie
300 _a192 s.
958 _aA
999 _c22471
_d22471